Psicología y didáctica de la enseñanza (Record no. 7780)

MARC details
000 -LEADER
campo de control de longitud fija 01234nam a2200349 a 4500
003 - IDENTIFICADOR DE NÚMERO DE CONTROL
campo de control AR-BaBNM
005 - FECHA Y HORA DE LA ÚLTIMA TRANSACCIÓN
campo de control 20251128204526.0
008 - DATOS DE LONGITUD FIJA--INFORMACIÓN GENERAL
campo de control de longitud fija 082120s2002 ||||||||||||||000 | spa||
040 ## - FUENTE DE CATALOGACIÓN
Centro/agencia transcriptor AR-BaBNM
245 00 - MENCIÓN DEL TÍTULO
Título Psicología y didáctica de la enseñanza
260 ## - PUBLICACIÓN, DISTRIBUCIÓN, ETC.
Lugar de publicación, distribución, etc. Buenos Aires
Nombre del editor, distribuidor, etc. Paidós
Fecha de publicación, distribución, etc. 1964-1966
300 ## - DESCRIPCIÓN FÍSICA
Extensión 667 p.
Otros detalles físicos il.
490 #0 - MENCIÓN DE SERIE
Mención de serie Nueva enciclopedía pedagógica del educador. Didáctica escolar
Designación de volumen o secuencia v. 11
500 ## - NOTA GENERAL
Nota general Contenido: Como hacer progresar al escolar - Como enseñar a resolver problemas en el aula - Como enseñar las ciencias al escolar - Como estudiar para aprender - Como enseñar al escolar y al estudiantes lentos
504 ## - NOTA DE BIBLIOGRAFÍA, ETC.
Nota de bibliografía, etc. Nota Contiene bibliografía
650 #4 - PUNTO DE ACCESO ADICIONAL DE MATERIA--TÉRMINO DE MATERIA
Término de materia o nombre geográfico como elemento de entrada PROMOCION DEL ALUMNO
650 #4 - PUNTO DE ACCESO ADICIONAL DE MATERIA--TÉRMINO DE MATERIA
Término de materia o nombre geográfico como elemento de entrada CALIFICACIONES
650 #4 - PUNTO DE ACCESO ADICIONAL DE MATERIA--TÉRMINO DE MATERIA
Término de materia o nombre geográfico como elemento de entrada ENSEÑANZA DE LA CIENCIA
650 #4 - PUNTO DE ACCESO ADICIONAL DE MATERIA--TÉRMINO DE MATERIA
Término de materia o nombre geográfico como elemento de entrada EXPERIMENTOS CIENTIFICOS
650 #4 - PUNTO DE ACCESO ADICIONAL DE MATERIA--TÉRMINO DE MATERIA
Término de materia o nombre geográfico como elemento de entrada METODOS DE ESTUDIO
650 #4 - PUNTO DE ACCESO ADICIONAL DE MATERIA--TÉRMINO DE MATERIA
Término de materia o nombre geográfico como elemento de entrada EDUCACION ESPECIAL
650 #4 - PUNTO DE ACCESO ADICIONAL DE MATERIA--TÉRMINO DE MATERIA
Término de materia o nombre geográfico como elemento de entrada ALUMNOS DE APRENDIZAJE LENTO
653 ## - TÉRMINO DE INDIZACIÓN--NO CONTROLADO
Término no controlado PROCESO DE ENSEÑANZA-APRENDIZAJE
700 1# - ENTRADA AGREGADA--NOMBRE PERSONAL
Nombre de persona Elsbree, Willard S.
700 1# - ENTRADA AGREGADA--NOMBRE PERSONAL
Nombre de persona Hudgins, Bryce B.
700 1# - ENTRADA AGREGADA--NOMBRE PERSONAL
Nombre de persona Sheckles, Mary
700 1# - ENTRADA AGREGADA--NOMBRE PERSONAL
Nombre de persona Meenes, Max
700 1# - ENTRADA AGREGADA--NOMBRE PERSONAL
Nombre de persona Featherstone, W.B.
700 1# - ENTRADA AGREGADA--NOMBRE PERSONAL
Nombre de persona Caswell, H.L.
Término indicativo de función/relación prologuista
942 ## - ELEMENTOS DE ENTRADA SECUNDARIOS (KOHA)
Tipo de ítem Koha Libros
998 ## - INFORMACIÓN DE CONTROL LOCAL (RLIN)
Iniciales del catalogador, CIN (RLIN) Grace
Holdings
Estatus retirado Estado de pérdida Fuente de la clasificación o esquema de estantería Estado de daño Restricciones de uso No para préstamo Biblioteca de origen Biblioteca actual Ubicación en estantería Fecha de adquisición Total de préstamos Signatura topográfica completa Código de barras Visto por última vez Precio de reemplazo Tipo de ítem Koha
    Clasificación Decimal Dewey   Acceso restringido No para préstamo Liberty Liberty   28/11/2025   37 PAI 11 096898 28/11/2025 28/11/2025 Libros